00957nam a2200241 a 4500001001000000003000500010005001700015008004100032010001100073011001100084040000900095100003100104245016900135260004100304500006000345502009800405650002300503650003000526650002500556650003500581700002900616856007000645000111369CHAP20220329144208.0150331s2015 mx sm |||||||spa d a107831 a108803 cCHAP1 aLeón Martínez, Alberto10aPyoyecto por evolución de la empresa barel, en el Municipio de Nopala de Villagrán, Hgo.h[En línea]cpor Alberto León Martínez y Cruz David Solís Rizo. aChapingo, Méx. :bEl autor,c2015. aPara ver el contenido del material haga clic en la liga aTesis (Ing. Agr. Esp. en Agroindustrial) -- UACH. Departamento de Ingeniería Agroindustrial14aIndustria lechera.14aLechexNormas de calidad.14aLechexSubproductos.14aProductos lácteosxMercadeo.1 aSolís Rizo, Cruz David aFinding aiduhttp://10.13.5.2/tesis/sist111369.pdfzTeclea aquí